Fifty years, memories and contrasts: a composite picture of the period 1882-1932 (Record no. 419180)

000 -LEADER
fixed length control field 00620cam a22001577a 4500
008 - FIXED-LENGTH DATA ELEMENTS--GENERAL INFORMATION
fixed length control field 180718b1932 xxu||||| |||| 00| 0 eng d
082 ## - DEWEY DECIMAL CLASSIFICATION NUMBER
Classification number B19x42 T482
100 ## - MAIN ENTRY--PERSONAL NAME
Personal name Times, The
245 ## - TITLE STATEMENT
Title Fifty years, memories and contrasts: a composite picture of the period 1882-1932
Statement of responsibility, etc. by The Times
260 ## - PUBLICATION, DISTRIBUTION, ETC.
Place of publication, distribution, etc. London
Name of publisher, distributor, etc. Thornton Butterworth
Date of publication, distribution, etc. 1932
300 ## - PHYSICAL DESCRIPTION
Extent 223p
650 ## - SUBJECT ADDED ENTRY--TOPICAL TERM
Topical term or geographic name entry element Great Britain --Intellectual life --19th century.
650 ## - SUBJECT ADDED ENTRY--TOPICAL TERM
Topical term or geographic name entry element Great Britain --Intellectual life --20th century
650 ## - SUBJECT ADDED ENTRY--TOPICAL TERM
Topical term or geographic name entry element Great Britain --Social life and customs --19th century
650 ## - SUBJECT ADDED ENTRY--TOPICAL TERM
Topical term or geographic name entry element Great Britain --Social life and customs --20th century
Holdings
Withdrawn status Lost status Damaged status Not for loan Permanent Location Current Location Date acquired Full call number Barcode Date last seen Price effective from Koha item type
        Indian Institute of Public Administration Indian Institute of Public Administration 2009-07-01 B19x42 T482 7410 2018-07-21 2018-07-21 Book

Powered by Koha